Normal view
MARC view
- Ramteke , R S .
Entry Personal Name
001 - CONTROL NUMBER
- control field: 3152
003 - CONTROL NUMBER IDENTIFIER
- control field: OSt
005 - DATE AND TIME OF LATEST TRANSACTION
- control field: 20180605105010.0
008 - FIXED-LENGTH DATA ELEMENTS
- fixed length control field: 180605|| aca||aabn | a|a d
040 ## - CATALOGING SOURCE
- Original cataloging agency: OSt
- Transcribing agency: OSt
100 ## - HEADING--PERSONAL NAME
- Personal name: Ramteke , R S .
670 ## - SOURCE DATA FOUND
- Source citation: Work cat.: (OSt): Rajarathnam ,S . 3151, Advances in preservation and processing technologies of fruits and vegetables , 2011 .
